GRAMMATISCHE ÜBUNGEN IM FACHSPRACHENUNTERRICHT

Bibliographic Details
Main Author: Tománková, Anna (Author)
Format: Article
Language:German
ISBN:808055028X

MARC

LEADER 00000naa a2200000uu 4500
001 vtls011095273
003 SK-MaSNL
005 20260302110842.0
008 210824|1998 xo |||||||||||||||||ger|
015 |a SNBRA 
035 |a (urnnbn)urn:nbn:sk:snk:ar-a0ctsa 
035 |a (uuid)992c7645-57b9-4f8b-aa9c-bf9c64dc1a30 
035 |a urn:nbn:sk:snk-aavzew 
040 |a SNKBUCL  |b slo  |c SNKBUCL  |e AACR2 
041 0 |a ger 
044 |a xo  |c SK 
100 1 |a Tománková, Anna  |4 aut  |9 26930 
245 1 0 |a GRAMMATISCHE ÜBUNGEN IM FACHSPRACHENUNTERRICHT  |c Anna Tománková 
773 0 |t Ekonomika a cudzie jazyky : cudzie jazyky a odborná jazyková výučba v krajinách strednej a východnej Európy  |d V Banskej Bystrici : Univerzita Mateja Bela, 1998  |g S. 102-105  |z 808055028X 
958 |a OND 
958 |a article12 
958 |a chapter 
999 |c 1245113  |d 1247043